[Event "Titled Tue 1st Jul Early"]
[Site "chess.com INT"]
[Date "2025.07.01"]
[Round "2"]
[White "Perez Rojas, Jorge"]
[Black "Bristy, Mukherjee"]
[Result "1-0"]
[WhiteTitle "FM"]
[BlackTitle "WFM"]
[WhiteElo "2100"]
[BlackElo "2031"]
[WhiteFideId "3452093"]
[BlackFideId "25077325"]
[EventDate "2025.07.01"]

1. e3 b6 2. d4 Bb7 3. Nf3 e6 4. Be2 f5 5. O-O Nf6 6. c4 Be7 7. Nc3 O-O 8. b3 d6
9. Bb2 Qe8 10. d5 e5 11. Re1 h6 12. Bf1 Nbd7 13. g3 Bd8 14. Bg2 a5 15. a3 Qh5
16. b4 Ng4 17. h3 Ngf6 18. e4 fxe4 19. Nxe4 Nxe4 20. Rxe4 Nf6 21. Re1 Bc8 22.
Nh4 Qf7 23. Qc2 Nh5 24. Nf3 Bxh3 25. Nxe5 Bf5 26. Nxf7 Bxc2 27. Nxd8 Raxd8 28.
Re7 Rf7 29. Rae1 Rdf8 30. Rxf7 Rxf7 31. Rc1 Bd3 32. c5 Nf6 33. cxd6 cxd6 34. Rc6
Ne4 35. Bd4 axb4 36. axb4 b5 37. Bxe4 Bxe4 38. Rxd6 Kh7 39. Rd8 Kg6 40. d6 Bd5
41. f4 Kf5 42. Kf2 Kg4 43. Rg8 g5 44. Ke1 Kxg3 45. fxg5 h5 46. Rh8 Kg4 47. g6
Rd7 48. Bc5 Rg7 49. Bd4 Rd7 50. g7 Rxd6 51. g8=Q+ Bxg8 52. Rxg8+ Kf3 53. Bc5 Rd5
54. Rf8+ Ke4 55. Ke2 h4 56. Rh8 Re5 57. Rxh4+ Kd5+ 58. Kd3 Rg5 59. Rd4+ Ke5 60.
Re4+ Kd5 61. Re3 Rg4 62. Re8 Rg3+ 63. Ke2 Kc4 64. Rd8 Rg2+ 65. Kf3 Rh2 66. Rd4+
Kb3 67. Rg4 Rh3+ 68. Ke4 Rh1 69. Kd5 Ka4 70. Kc6 Rh6+ 71. Bd6 Rh1 72. Rg8 Rc1+
73. Bc5 Kb3 74. Kxb5 1-0

[Event "Titled Tue 1st Jul Early"]
[Site "chess.com INT"]
[Date "2025.07.01"]
[Round "2"]
[White "Khazan, Yevgeny"]
[Black "Zong, Davis"]
[Result "0-1"]
[WhiteTitle "CM"]
[BlackTitle "FM"]
[WhiteElo "2135"]
[BlackElo "2242"]
[WhiteFideId "2806193"]
[BlackFideId "30903955"]
[EventDate "2025.07.01"]

1. d4 d5 2. c4 c6 3. Nf3 Nf6 4. e3 e6 5. Nbd2 Nbd7 6. Bd3 Be7 7. O-O O-O 8. e4
dxe4 9. Nxe4 c5 10. b3 b6 11. Bb2 Bb7 12. Qe2 cxd4 13. Nxd4 a6 14. Rfe1 Qc7 15.
Ng5 Nc5 16. Ndxe6 Nxe6 17. Nxe6 fxe6 18. Qxe6+ Rf7 19. Bxf6 Bxf6 20. Rad1 Rd8
21. h4 Qc6 22. Qxc6 Bxc6 23. h5 Rfd7 24. Bc2 Rxd1 25. Rxd1 Rxd1+ 26. Bxd1 Be4
27. f3 Bb1 28. Kf2 Bxa2 29. Bc2 a5 30. Ke3 a4 31. bxa4 Bxc4 32. g4 h6 33. f4 Kf8
34. Bg6 Ke7 35. Ke4 Kd6 36. Bf5 Kc5 37. Bg6 Kb4 38. Be8 Bb3 39. Kf5 Bc2+ 40. Ke6
Bxa4 41. Bxa4 Kxa4 42. Kf7 b5 43. g5 hxg5 44. h6 gxh6 45. Kxf6 gxf4 46. Kg6 f3
47. Kxh6 f2 0-1

[Event "Titled Tue 1st Jul Early"]
[Site "chess.com INT"]
[Date "2025.07.01"]
[Round "2"]
[White "Garv, Gaur"]
[Black "Zhigalko, Sergei"]
[Result "0-1"]
[WhiteTitle "FM"]
[BlackTitle "GM"]
[WhiteElo "2363"]
[BlackElo "2572"]
[WhiteFideId "45030839"]
[BlackFideId "13502956"]
[EventDate "2025.07.01"]

1. Nf3 d5 2. g3 c6 3. c4 dxc4 4. a4 Nf6 5. Na3 Qd5 6. Bg2 e5 7. O-O e4 8. Ne1
Bxa3 9. Rxa3 O-O 10. Nc2 Qh5 11. Ne3 Be6 12. Qc2 Qxe2 13. f3 c3 14. Rxc3 exf3
15. Bxf3 Qa6 16. Nf5 Bxf5 17. Qxf5 Qxa4 18. d3 Qd4+ 19. Kg2 Nbd7 20. Bf4 Rfe8
21. Rf2 Ne5 22. Be4 Neg4 23. Re2 g6 24. Qg5 Nxe4 25. dxe4 Nf6 26. Rce3 Nh5 27.
Bc7 Qd7 28. Be5 Qe7 29. Qxe7 Rxe7 30. Bc3 Rae8 31. e5 Rd7 32. e6 fxe6 33. Rxe6
Rxe6 34. Rxe6 Kf7 35. Re3 Ng7 36. g4 Ne6 37. Rf3+ Ke8 38. Re3 Re7 39. Bf6 Nf4+
40. Kf3 Rxe3+ 41. Kxe3 Nd5+ 0-1

[Event "Titled Tue 1st Jul Early"]
[Site "chess.com INT"]
[Date "2025.07.01"]
[Round "2"]
[White "Sakun, Volodymyr"]
[Black "Smieszek, Wojciech"]
[Result "0-1"]
[WhiteTitle "FM"]
[BlackTitle "CM"]
[WhiteElo "2301"]
[BlackElo "2141"]
[WhiteFideId "14114062"]
[BlackFideId "1156047"]
[EventDate "2025.07.01"]

1. d4 Nf6 2. Nf3 c5 3. e3 g6 4. d5 e6 5. Nc3 Bg7 6. e4 O-O 7. Be2 exd5 8. exd5
d6 9. h3 a6 10. a4 Re8 11. O-O Ne4 12. Nxe4 Rxe4 13. Bd3 Re8 14. c3 Nd7 15. Bg5
Qc7 16. Re1 Ne5 17. Nxe5 Rxe5 18. Rxe5 Bxe5 19. f4 Bg7 20. Kh2 c4 21. Bc2 Bd7
22. f5 Be5+ 23. Kh1 f6 24. Be3 g5 25. Qg4 Be8 26. Bd4 h5 27. Qe4 Bf7 28. Bxe5
dxe5 29. Bd1 Rd8 30. h4 Bxd5 31. Qe3 Qc6 32. hxg5 Bxg2+ 33. Kg1 Rd3 34. Qf2 h4
35. gxf6 Rh3 36. Qe2 Rh1+ 37. Kf2 Qc5+ 38. Qe3 Rf1+ 39. Kxg2 Qxe3 40. Kxf1 h3
41. Bh5 h2 42. Kg2 Qg5+ 43. Kxh2 Qxh5+ 44. Kg3 Qxf5 45. Rg1 Kf7 46. Rg2 Qf4+ 47.
Kh3 Kxf6 48. Rg4 Qf3+ 49. Rg3 Qh5+ 50. Kg2 Qe2+ 51. Kg1 Qxb2 52. Rf3+ Ke6 53.
Kf1 b5 54. axb5 axb5 55. Re3 b4 56. cxb4 c3 0-1

[Event "Titled Tue 1st Jul Early"]
[Site "chess.com INT"]
[Date "2025.07.01"]
[Round "2"]
[White "Huh, Isaak"]
[Black "Hayrapetyan, Edgar"]
[Result "1-0"]
[WhiteTitle "CM"]
[BlackTitle "FM"]
[WhiteElo "2148"]
[BlackElo "2161"]
[WhiteFideId "13209590"]
[BlackFideId "13313568"]
[EventDate "2025.07.01"]

1. Nf3 c5 2. g3 b6 3. Bg2 Bb7 4. O-O Nf6 5. c3 e6 6. d4 cxd4 7. cxd4 Be7 8. Nc3
O-O 9. Re1 Ne4 10. Qd3 f5 11. h4 h6 12. Ne5 Ba6 13. Qd1 d5 14. Ng6 Rf7 15. Nxe4
fxe4 16. Bh3 Rf6 17. Ne5 Qd6 18. Bf4 Nc6 19. e3 Nb4 20. a3 Nc6 21. Rc1 Nd8 22.
Ng4 Rxf4 23. exf4 Rc8 24. Rxc8 Bxc8 25. Ne5 Nf7 26. Qh5 Nxe5 27. Qe8+ Bf8 28.
fxe5 Qd7 29. Qxd7 Bxd7 30. Rc1 Kf7 31. Rc7 Ke8 32. Rxa7 b5 33. Kf1 g5 34. hxg5
hxg5 35. Ke2 Kd8 36. f3 Bh6 37. fxe4 dxe4 38. Bg4 b4 39. axb4 Bf8 40. Ke3 Bxb4
41. Kxe4 Be1 42. Kf3 Bc8 43. d5 Bd2 44. dxe6 1-0

[Event "Titled Tue 1st Jul Early"]
[Site "chess.com INT"]
[Date "2025.07.01"]
[Round "2"]
[White "Przybylski, Bartosz"]
[Black "Brenke, Andreas"]
[Result "1-0"]
[WhiteTitle "CM"]
[BlackTitle "FM"]
[WhiteElo "2062"]
[BlackElo "2349"]
[WhiteFideId "21878323"]
[BlackFideId "4602900"]
[EventDate "2025.07.01"]

1. e4 c6 2. d4 d5 3. f3 e6 4. Nc3 Nd7 5. Be3 Qb6 6. a3 dxe4 7. fxe4 e5 8. Nf3
exd4 9. Nxd4 Ngf6 10. Bc4 Ne5 11. Bb3 Neg4 12. Bg1 Qc7 13. Qf3 Bd6 14. O-O-O
Nxh2 15. Qd3 Nhg4 16. Ndb5 Bf4+ 17. Kb1 cxb5 18. Nxb5 Qe7 19. Bc5 Ne5 20. Nd6+
Kf8 21. Nxc8 Qxc5 22. Qd8+ Ne8 23. Rd7 g6 24. Rhd1 Rxc8 25. Qh4 Kg7 26. Rxb7 Nf6
27. Qxf4 Rhe8 28. Rf1 Rc6 29. Ba4 Re7 30. Rxe7 Qxe7 31. Bxc6 Nxc6 32. e5 Nxe5
33. Re1 Nfd7 34. c4 h5 35. Qd4 a5 36. c5 Qe6 37. c6 1-0

[Event "Titled Tue 1st Jul Early"]
[Site "chess.com INT"]
[Date "2025.07.01"]
[Round "2"]
[White "Nikookar, Mahdi"]
[Black "Sobek, Jaroslav"]
[Result "1-0"]
[WhiteTitle "FM"]
[BlackTitle "FM"]
[WhiteElo "2216"]
[BlackElo "2195"]
[WhiteFideId "22552987"]
[BlackFideId "301388"]
[EventDate "2025.07.01"]

1. Nf3 c5 2. b3 d5 3. Bb2 e6 4. e3 Nf6 5. Bb5+ Bd7 6. Be2 Nc6 7. O-O Be7 8. c4
O-O 9. Nc3 d4 10. exd4 cxd4 11. Nb5 e5 12. d3 a6 13. Na3 Re8 14. Nc2 a5 15. Na3
h6 16. Nb5 Bf5 17. a3 Bf8 18. Re1 Bc5 19. Bf1 Bg4 20. h3 Bh5 21. Be2 Bg6 22. Nd2
Nd7 23. Qc2 Bf8 24. Bf3 Nc5 25. Ne4 Nxe4 26. Bxe4 f5 27. Bd5+ Kh8 28. g3 Qg5 29.
h4 Qd8 30. Qd1 Bc5 31. Qf3 Qd7 32. Qg2 Re7 33. Bc1 Rae8 34. Bd2 e4 35. dxe4 fxe4
36. h5 Bh7 37. b4 Bb6 38. bxa5 e3 39. axb6 exd2 40. Red1 Re1+ 41. Kh2 1-0

[Event "Titled Tue 1st Jul Early"]
[Site "chess.com INT"]
[Date "2025.07.01"]
[Round "2"]
[White "Indjic, Aleksandar"]
[Black "Ankit Ray"]
[Result "1-0"]
[WhiteTitle "GM"]
[BlackTitle "FM"]
[WhiteElo "2661"]
[BlackElo "2248"]
[WhiteFideId "911925"]
[BlackFideId "25770624"]
[EventDate "2025.07.01"]

1. Nc3 Nc6 2. Nf3 d6 3. e4 e5 4. Bc4 h6 5. d4 exd4 6. Nxd4 Nf6 7. O-O Be7 8. Nf5
Bxf5 9. exf5 O-O 10. Re1 Ne5 11. Be2 c6 12. f4 Ned7 13. Bf3 d5 14. g4 Bc5+ 15.
Kg2 Nh7 16. Kg3 Bd6 17. h4 Qc7 18. Qd4 Qb6 19. Qxb6 axb6 20. Kg2 b5 21. g5 b4
22. Ne2 Rfe8 23. Bd2 Nb6 24. b3 Bc5 25. c3 bxc3 26. Nxc3 Bd4 27. Rxe8+ Rxe8 28.
Re1 Rxe1 29. Bxe1 hxg5 30. fxg5 Nf8 31. Ne2 Be5 32. Bg3 Nfd7 33. Bf2 Nc8 34. Nd4
Nd6 35. Bg4 Ne4 36. Be3 c5 37. Nb5 d4 38. Bf3 Ng3 39. Bf2 Nxf5 40. Bxb7 Nb6 41.
Be4 Nd6 42. Nxd6 Bxd6 43. Bd3 Nd5 44. Kf3 Nb4 45. Bb1 g6 46. a3 Nd5 47. a4 Nc3
48. Bd3 Bc7 49. Bg3 Ba5 50. Bd6 Bb4 51. Bc4 Nd1 52. Ke4 Ne3 53. Bc7 Nxc4 54.
bxc4 d3 55. Kxd3 Be1 56. a5 Bxh4 57. a6 Bxg5 58. a7 1-0

[Event "Titled Tue 1st Jul Early"]
[Site "chess.com INT"]
[Date "2025.07.01"]
[Round "2"]
[White "Zakrzewski, Marek"]
[Black "Torres Rebolledo, Alvaro"]
[Result "0-1"]
[WhiteTitle "FM"]
[BlackTitle "FM"]
[WhiteElo "2288"]
[BlackElo "2319"]
[WhiteFideId "1170694"]
[BlackFideId "54587670"]
[EventDate "2025.07.01"]

1. e4 d6 2. d4 Nf6 3. Nc3 e5 4. Nge2 c6 5. f3 h5 6. Be3 Nbd7 7. Qd2 b5 8. h4 a5
9. a4 b4 10. Nd1 Ba6 11. Nf2 d5 12. O-O-O b3 13. c3 Nb6 14. Ng3 Bxf1 15. Rhxf1
Nc4 16. Qd3 g6 17. dxe5 Nxe5 18. Qd4 Nc4 19. exd5 cxd5 20. Bg5 Be7 21. Rfe1 O-O
22. Rxe7 Qxe7 23. Bxf6 Qd7 24. Qd3 Qxa4 25. Qb1 Ne3 26. Rd3 Nxg2 27. Kd2 Qf4+
28. Ke2 Rae8+ 29. Kf1 Qxg3 30. Ne4 dxe4 31. fxe4 Ne3+ 32. Ke2 Rxe4 33. Qh1 Qg2+
34. Qxg2 Nxg2+ 35. Kf3 Rg4 36. Rd5 Nxh4+ 37. Kf2 Nf5 38. Rxa5 h4 39. Kf3 Rg3+
40. Kf4 h3 41. Rxf5 h2 42. Kxg3 h1=Q 43. Rf2 Qg1+ 44. Kf3 Qd1+ 45. Kg2 Re8 46.
Bd4 Re2 47. Kg3 Rxf2 48. Be3 Qg1+ 0-1

[Event "Titled Tue 1st Jul Early"]
[Site "chess.com INT"]
[Date "2025.07.01"]
[Round "2"]
[White "Manukian, Artak"]
[Black "Gutman, Gennadi"]
[Result "1-0"]
[BlackTitle "GM"]
[WhiteElo "2104"]
[BlackElo "2445"]
[WhiteFideId "13301373"]
[BlackFideId "14102277"]
[EventDate "2025.07.01"]

1. e4 c6 2. d4 d5 3. e5 Bf5 4. c4 dxc4 5. Bxc4 e6 6. Nc3 Nd7 7. Nf3 Nb6 8. Bb3
Ne7 9. Nh4 Rc8 10. O-O Bg6 11. Bg5 Qd7 12. Re1 Nf5 13. Nxf5 Bxf5 14. Ne4 h6 15.
Bh4 Bxe4 16. Rxe4 Be7 17. Bxe7 Qxe7 18. Rg4 O-O 19. Bc2 f6 20. Qd3 f5 21. Rg3
Nd5 22. Bb3 Rfd8 23. Rc1 Nf4 24. Qc4 Rxd4 25. Qf1 Rcd8 26. Re3 Nd5 27. Rd3 Rxd3
28. Qxd3 Nf4 29. Qf3 Qg5 30. g3 Nh3+ 31. Kg2 Qxc1 32. Bxe6+ Kh8 33. Kxh3 Qg5 34.
Bxf5 Rf8 35. g4 g6 36. Qa3 Re8 37. Bd7 Rd8 38. e6 h5 39. Qf3 hxg4+ 40. Qxg4 Qh6+
41. Qh4 Qxh4+ 42. Kxh4 Kg7 43. e7 Rxd7 44. e8=Q Rd4+ 45. Kg3 Rd3+ 46. f3 Kf6 47.
Qf8+ Kg5 48. Qe7+ Kh5 49. Qe5+ g5 50. h4 1-0

[Event "Titled Tue 1st Jul Early"]
[Site "chess.com INT"]
[Date "2025.07.01"]
[Round "2"]
[White "Milanovic, Vojislav"]
[Black "Magana Morales, Roberto"]
[Result "1-0"]
[WhiteTitle "IM"]
[WhiteElo "2293"]
[BlackElo "1952"]
[WhiteFideId "905046"]
[BlackFideId "5114454"]
[EventDate "2025.07.01"]

1. e4 c6 2. d3 d5 3. Nd2 e5 4. Ngf3 Bd6 5. g3 Nf6 6. Bg2 O-O 7. O-O h6 8. Re1
Re8 9. c3 Nbd7 10. a4 a5 11. h3 Nc5 12. Qc2 Be6 13. Nh4 dxe4 14. dxe4 g6 15. Bf1
Qb6 16. Nc4 Bxc4 17. Bxc4 Kg7 18. Be3 Qc7 19. Qc1 Rh8 20. f3 Rab8 21. Kg2 b5 22.
axb5 cxb5 23. Bd5 Nxd5 24. exd5 Nd3 25. Qd2 Nxe1+ 26. Rxe1 b4 27. f4 bxc3 28.
bxc3 exf4 29. Bd4+ f6 30. Qd3 Qf7 31. Re6 Rb2+ 32. Kg1 Re8 33. Qe4 Rxe6 34. dxe6
Qe8 35. c4 Rd2 36. c5 Be5 37. Bxe5 fxe5 38. Qxe5+ Kh7 39. gxf4 Qc6 40. e7 Qe8
41. f5 g5 42. Nf3 Rd3 43. Kf2 Qa8 44. Ne1 Rd2+ 45. Ke3 Rd1 46. Ke2 Rd7 47. e8=Q 1-0

[Event "Titled Tue 1st Jul Early"]
[Site "chess.com INT"]
[Date "2025.07.01"]
[Round "2"]
[White "Luong Phuong Hanh"]
[Black "Vifleemskaia, Svetlana"]
[Result "1/2-1/2"]
[WhiteTitle "WIM"]
[BlackTitle "WFM"]
[WhiteElo "2121"]
[BlackElo "1942"]
[WhiteFideId "12401013"]
[BlackFideId "4129490"]
[EventDate "2025.07.01"]

1. d4 Nf6 2. Nf3 d5 3. c4 dxc4 4. e3 a6 5. Bxc4 b5 6. Bb3 Bb7 7. O-O e6 8. Nc3
Nbd7 9. a3 Bd6 10. Qe2 O-O 11. e4 e5 12. d5 h6 13. Bc2 Qe7 14. Be3 Nh5 15. Qd2
Nf4 16. Rfe1 g5 17. b4 Kg7 18. Ne2 Nxe2+ 19. Qxe2 Nf6 20. Rac1 a5 21. Bc5 axb4
22. axb4 Rfb8 23. Ra1 Bxc5 24. bxc5 Qxc5 25. Nxe5 Rxa1 26. Rxa1 b4 27. Rb1 Qd4
28. Nf3 Qc5 29. h4 g4 30. Ne5 Bc8 31. Nd3 Qd4 32. Nf4 Qe5 33. g3 Rb6 34. Qe3 Ba6
35. Qc5 Qc3 36. Qxc3 bxc3 37. Rxb6 cxb6 38. e5 Nd7 39. e6 fxe6 40. dxe6 Nf6 41.
f3 gxf3 42. Kf2 Bc4 43. Kxf3 b5 44. Ke3 b4 45. Kd4 b3 46. Kxc4 bxc2 47. Ne2 Ne4
48. g4 Kf6 49. Kd4 Nf2 50. g5+ hxg5 51. hxg5+ Kxe6 52. Kxc3 Kf5 53. Kxc2 Kxg5 1/2-1/2

[Event "Titled Tue 1st Jul Early"]
[Site "chess.com INT"]
[Date "2025.07.01"]
[Round "2"]
[White "Laptii, Nazar"]
[Black "Drygalov, Sergey"]
[Result "0-1"]
[WhiteTitle "FM"]
[BlackTitle "GM"]
[WhiteElo "2208"]
[BlackElo "2560"]
[WhiteFideId "14174332"]
[BlackFideId "24171743"]
[EventDate "2025.07.01"]

1. e4 c5 2. Nf3 d6 3. g3 Nf6 4. d3 g6 5. Bg2 Bg7 6. O-O O-O 7. Nbd2 Nc6 8. c3
Rb8 9. a4 a6 10. d4 cxd4 11. cxd4 Nb4 12. Ra3 a5 13. Re1 Bd7 14. Nb1 d5 15. e5
Ne4 16. Nc3 Rc8 17. Ng5 Nxg5 18. Bxg5 Bf5 19. Re2 Bg4 20. f3 Be6 21. h3 h6 22.
Bf4 Rc4 23. Rd2 Qb6 24. Kh2 Rfc8 25. Bf1 R4c6 26. Bb5 R6c7 27. g4 Bd7 28. Bf1 g5
29. Bg3 Qg6 30. Ra1 Rxc3 31. bxc3 Rxc3 32. Bg2 h5 33. Be1 Nc2 34. Rc1 Ne3 35.
Rxc3 Nxd1 36. Rxd1 Bc6 37. Ra1 f6 38. exf6 Bxf6 39. Bf2 Qg7 40. Rd3 e5 41. Kh1
e4 42. fxe4 dxe4 43. Rdd1 Bd5 44. Rac1 Qd7 45. gxh5 e3 46. Bxe3 Qxh3+ 0-1

[Event "Titled Tue 1st Jul Early"]
[Site "chess.com INT"]
[Date "2025.07.01"]
[Round "2"]
[White "Chiappero, Julio Alfredo"]
[Black "Munoz, Francisco Javier"]
[Result "0-1"]
[WhiteTitle "FM"]
[BlackTitle "FM"]
[WhiteElo "2238"]
[BlackElo "2389"]
[WhiteFideId "139998"]
[BlackFideId "128368"]
[EventDate "2025.07.01"]

1. d4 d5 2. c4 e6 3. Nc3 Nf6 4. cxd5 exd5 5. Bg5 c6 6. e3 Nbd7 7. Bd3 Be7 8.
Nge2 h6 9. Bh4 Nh5 10. Bxe7 Qxe7 11. O-O O-O 12. Qc2 Nhf6 13. Rab1 Re8 14. b4 a6
15. a4 Nb6 16. Rfc1 Be6 17. Nf4 Qd6 18. b5 axb5 19. axb5 Nc4 20. Bxc4 dxc4 21.
Nxe6 Rxe6 22. bxc6 Qxc6 23. Nb5 Ra5 24. Qxc4 Qxc4 25. Rxc4 Rb6 26. Rcb4 Ra2 27.
f3 Nd5 28. R4b3 Re2 29. Nc3 Rxb3 30. Rxb3 Rxe3 31. Nxd5 Rxb3 32. Kf2 Rd3 33.
Ne7+ Kf8 34. Nf5 h5 35. Ke2 Ra3 36. d5 Ra5 37. Ne3 Ke7 38. Kd3 Ra4 39. Nf5+ Kf6
40. Nd4 Ke5 41. Nb5 Ra5 42. Nc3 Ra1 43. Ke3 Rc1 44. f4+ Kd6 45. Kd2 Rg1 46. g3
Rg2+ 47. Ke3 Rxh2 48. Kd4 Rd2+ 49. Kc4 Rc2 50. Kd3 Rxc3+ 51. Kxc3 Kxd5 0-1

[Event "Titled Tue 1st Jul Early"]
[Site "chess.com INT"]
[Date "2025.07.01"]
[Round "2"]
[White "Reprintsev, Alexander"]
[Black "Shapiro, Daniel"]
[Result "1-0"]
[WhiteTitle "IM"]
[BlackTitle "FM"]
[WhiteElo "2256"]
[BlackElo "2284"]
[WhiteFideId "14100541"]
[BlackFideId "2001780"]
[EventDate "2025.07.01"]

1. e4 e6 2. Nf3 c5 3. b3 Nc6 4. Bb2 d6 5. d4 cxd4 6. Nxd4 a6 7. Be2 Bd7 8. O-O
Nf6 9. f3 Be7 10. Kh1 O-O 11. c4 Qc7 12. Nc3 Rad8 13. Rc1 Qb8 14. Rc2 Nxd4 15.
Qxd4 b5 16. cxb5 axb5 17. b4 Qb7 18. Rfc1 Ra8 19. a3 Rac8 20. Bf1 Rc7 21. Nd1
Rfc8 22. Rxc7 Rxc7 23. Rxc7 Qxc7 24. Nc3 Qb7 25. Qd3 e5 26. Nxb5 Qb8 27. Nc3 g6
28. Nd5 Nxd5 29. Qxd5 Be6 30. Qc6 Qa7 31. Qc2 Qe3 32. Qe2 Qb6 33. g3 Bg5 34. Kg2
Be3 35. Qa6 Bb3 36. Qxb6 Bxb6 37. Bb5 Be3 38. Bc3 f6 39. a4 Kf7 40. a5 Ke6 41.
Bc6 Bc4 42. b5 f5 43. b6 Ba6 44. g4 fxg4 45. fxg4 Be2 46. Kg3 h5 47. gxh5 gxh5
48. b7 Ba7 49. Bd2 Ke7 50. Bg5+ Ke6 51. Bd8 Bd1 52. Bc7 Be2 53. b8=Q Bxb8 54.
Bxb8 Bd3 55. Bb7 Bc4 56. a6 Bxa6 57. Bxa6 d5 58. Bc8+ Kf6 59. exd5 1-0

[Event "Titled Tue 1st Jul Early"]
[Site "chess.com INT"]
[Date "2025.07.01"]
[Round "2"]
[White "Aghaei, Alireza"]
[Black "Terlouw, Wouter"]
[Result "1-0"]
[WhiteTitle "CM"]
[BlackTitle "CM"]
[WhiteElo "2204"]
[BlackElo "2246"]
[WhiteFideId "12509914"]
[BlackFideId "1087401"]
[EventDate "2025.07.01"]

1. e4 c6 2. d4 d5 3. Nc3 dxe4 4. Nxe4 Nf6 5. Nxf6+ exf6 6. c3 Bd6 7. Bd3 O-O 8.
Qc2 Re8+ 9. Ne2 h5 10. O-O h4 11. h3 Qc7 12. Bd2 Nd7 13. Rae1 Nf8 14. f4 Be6 15.
f5 Bd7 16. c4 c5 17. d5 a6 18. Nc3 Rab8 19. a4 Be5 20. Re4 Bd4+ 21. Kh1 Rxe4 22.
Nxe4 b5 23. axb5 axb5 24. b3 bxc4 25. Bxc4 Ra8 26. Bc3 Qe5 27. Bxd4 Qxd4 28. Qd3
Bxf5 29. Qxd4 cxd4 30. Rxf5 Nd7 31. Rf3 Ne5 32. Rf2 Ra1+ 33. Kh2 Rc1 34. Rd2
Nxc4 35. bxc4 Rxc4 36. d6 Kf8 37. Rd3 Ke8 38. Nd2 Rb4 39. Nf3 Kd7 40. Rxd4 Rxd4
41. Nxd4 Kxd6 42. Nf5+ Ke5 43. Nxg7 f5 44. Kg1 Kf6 45. Ne8+ Kg5 46. Nc7 Kf4 47.
Kf2 f6 48. Nd5+ Ke5 49. Ne7 f4 50. Ng6+ Kf5 51. Nxh4+ Kg5 52. Nf3+ 1-0

[Event "Titled Tue 1st Jul Early"]
[Site "chess.com INT"]
[Date "2025.07.01"]
[Round "2"]
[White "Donoso Aguirre, Maximiliano"]
[Black "Subramanian, Anusha"]
[Result "1-0"]
[WhiteTitle "CM"]
[BlackTitle "WFM"]
[WhiteElo "2050"]
[BlackElo "2045"]
[WhiteFideId "3458920"]
[BlackFideId "477710"]
[EventDate "2025.07.01"]

1. e4 e6 2. d4 d5 3. Nc3 dxe4 4. Nxe4 Nd7 5. Nf3 Ngf6 6. Nxf6+ Nxf6 7. Bd3 c5 8.
c3 cxd4 9. Nxd4 Bc5 10. Nf3 Qc7 11. O-O O-O 12. Qc2 h6 13. Re1 b6 14. Be3 Bd6
15. h3 Bb7 16. Nd4 a6 17. Rad1 Nd5 18. Be4 Nxe3 19. Rxe3 Rad8 20. Bxb7 Qxb7 21.
Red3 Bc5 22. Qd2 Qe4 23. Nb3 Rxd3 24. Qxd3 Qa4 25. Nc1 Be7 26. b3 Qa5 27. c4 Ba3
28. Ne2 Bc5 29. Qc2 Be7 30. Ng3 Rc8 31. Kh2 b5 32. Rd4 Bf6 33. Re4 Qc7 34. Qd3
Qb7 35. cxb5 axb5 36. Re2 Rd8 37. Qe3 Qc7 38. Rd2 Rxd2 39. Qxd2 Be5 40. Qd3 Bd6
41. a4 bxa4 42. bxa4 h5 43. h4 Qb6 44. Qf3 Qb4 45. Kh3 1-0

[Event "Titled Tue 1st Jul Early"]
[Site "chess.com INT"]
[Date "2025.07.01"]
[Round "2"]
[White "Vihaan Karthikeya N"]
[Black "Yalcinkaya, Efe"]
[Result "0-1"]
[WhiteTitle "CM"]
[BlackTitle "CM"]
[WhiteElo "2179"]
[BlackElo "2225"]
[WhiteFideId "25950673"]
[BlackFideId "44506619"]
[EventDate "2025.07.01"]

1. d4 Nf6 2. c4 c5 3. d5 b5 4. cxb5 a6 5. Nc3 g6 6. e4 d6 7. Bc4 Bg7 8. Nge2 Kf8
9. O-O axb5 10. Bxb5 Ba6 11. Bxa6 Nxa6 12. f4 Qa5 13. e5 Nd7 14. exd6 exd6 15.
f5 Qb4 16. Kh1 Qh4 17. g3 Qe7 18. fxg6 hxg6 19. Nf4 Kg8 20. Qg4 Ne5 21. Qe2 Nc7
22. Bd2 Qd7 23. Rae1 Re8 24. Qg2 Ng4 25. h4 g5 26. Rxe8+ Nxe8 27. Nh3 gxh4 28.
Rf3 Be5 29. gxh4 Rxh4 30. Ne4 Ng7 31. Bg5 Rh5 32. Bd2 f5 33. Ng3 Rxh3+ 34. Qxh3
Qf7 35. Qh5 Nxh5 36. Nxh5 Qxh5+ 37. Kg1 Qh2+ 38. Kf1 Qh1+ 39. Ke2 Qg2+ 40. Kd3
Qxf3+ 41. Kc2 Qe4+ 42. Kb3 Qd3+ 43. Bc3 Bxc3 44. bxc3 Ne3 45. Ka4 Qc4+ 46. Ka5
Nxd5 47. a4 Qxc3+ 48. Ka6 Qb4 49. Ka7 Qb6+ 50. Ka8 Nc7# 0-1

[Event "Titled Tue 1st Jul Early"]
[Site "chess.com INT"]
[Date "2025.07.01"]
[Round "2"]
[White "Jalving, August"]
[Black "Bozorov, Javohir"]
[Result "0-1"]
[WhiteTitle "FM"]
[BlackTitle "FM"]
[WhiteElo "2320"]
[BlackElo "2039"]
[WhiteFideId "1471759"]
[BlackFideId "14216957"]
[EventDate "2025.07.01"]

1. e4 c5 2. Nf3 g6 3. d4 cxd4 4. Nxd4 Bg7 5. c4 Nf6 6. Nc3 O-O 7. Be2 Nc6 8. Be3
e6 9. Ndb5 d5 10. cxd5 exd5 11. exd5 Nb4 12. Bc5 Nbxd5 13. Bxf8 Bxf8 14. Nxd5
Nxd5 15. O-O Be6 16. Nc3 Nxc3 17. bxc3 Qc7 18. Bf3 Rd8 19. Qc2 b6 20. a4 Bd6 21.
g3 Be5 22. Rac1 Bf5 23. Qa2 Be6 24. Qa3 Rd2 25. Rfd1 Bd6 26. Qa1 Ra2 27. Qb1 Ba3
28. Rc2 Rxc2 29. Qxc2 Qc4 30. Rd4 Qc7 31. Qd2 Bc5 32. Rd8+ Kg7 33. Ra8 a5 34.
Qd8 Qd7 35. Qh8+ Kh6 36. Qe5 Qd2 37. Qf4+ Qxf4 38. gxf4 Bd7 39. Bd1 Kg7 40. Bb3
Kf6 41. Ra7 Be6 42. Bxe6 Kxe6 43. Kg2 h5 44. Kf3 Kf6 45. Ke4 Bxf2 46. Rc7 Ke6
47. Rc6+ Kd7 48. Kd5 Bg1 49. h3 Be3 50. c4 h4 51. Ke4 Kxc6 52. Kxe3 Kc5 53. f5
gxf5 54. Kf4 Kxc4 55. Kxf5 b5 56. Kg4 bxa4 57. Kxh4 a3 58. Kg4 a2 59. h4 a1=Q 0-1

[Event "Titled Tue 1st Jul Early"]
[Site "chess.com INT"]
[Date "2025.07.01"]
[Round "2"]
[White "Rees, Ioan"]
[Black "Mafra, Kaiser Luiz"]
[Result "1-0"]
[WhiteTitle "FM"]
[BlackTitle "CM"]
[WhiteElo "2280"]
[BlackElo "2043"]
[WhiteFideId "1801236"]
[BlackFideId "2106698"]
[EventDate "2025.07.01"]

1. Nf3 Nf6 2. g3 g6 3. b3 Bg7 4. Bb2 d6 5. d4 O-O 6. Bg2 Nbd7 7. O-O c5 8. c4
Rb8 9. Nc3 cxd4 10. Nxd4 Nc5 11. Qd2 a6 12. Rad1 Ne6 13. Nc2 Bd7 14. a4 Bc6 15.
e4 Nc5 16. Nd4 Bxe4 17. Nxe4 Ncxe4 18. Qc2 Nc5 19. b4 Ne6 20. Nxe6 fxe6 21. c5
Qc7 22. Qb3 d5 23. Bh3 Qc6 24. Rde1 Ne4 25. Bxg7 Kxg7 26. f3 Ng5 27. Bg2 h5 28.
f4 Nh7 29. Bh3 Rf6 30. Rf2 g5 31. Rfe2 g4 32. Bg2 Nf8 33. Re5 b6 34. Rxh5 bxc5
35. Rg5+ Kf7 36. Rxd5 Rxb4 37. Qd1 Qxa4 38. Qxa4 Rxa4 39. Rxc5 Rf5 40. Rc7 Ra2
41. Rf1 Rb5 42. Rf2 Rb1+ 43. Bf1 Raa1 44. Kg2 a5 45. f5 e5 46. Bc4+ Ke8 47. Re2
Rg1+ 48. Kf2 Rgf1+ 49. Ke3 Ra3+ 50. Ke4 Kd8 51. Ra7 Ra4 52. Kd5 Rd1+ 53. Kc5
Nd7+ 54. Kb5 Rb1+ 55. Kxa4 Rb4+ 56. Kxa5 Rxc4 57. Rd2 e4 58. Rdxd7+ Kc8 59. Rxe7
Rc5+ 60. Kb4 Rc2 61. Re8# 1-0